000 00796nam a2200253Ia 4500
001 3452
008 170829s1987 ii a g b000 u 465 u
020 _a0-07-Y66223-1
082 _a330.51
100 _aChow, Gregory C..
245 0 _aEconometrics /
_cGregory C. Chow.
_hTextual Documents
250 _a3rd ed. /
260 _aNew York :
_bMcGraw - Hill book company ,
_c1987.
300 _a432p. :
_bill ;
_c21cm .
500 _aThis Book is not Available Due to Unnatural Death of Late Biswarupa sarma(Lect Dept of Eco).She is Exempted according to Library Comitee.
504 _aIndex
653 _aEconomics
653 _aMathematical Economics
653 _aEconomics-Mathematics
653 _aEconometrics
653 _aG-Economics
653 _aMS-Economics
942 _2ddc
_cBK
999 _c3440
_d3440